000 00285nam a2200121Ia 4500
008 190216s9999||||xx |||||||||||||| ||und||
100 _aKodungalloor K A
245 0 _aChuvanna Poovaninja Yuvav
260 _bPoorna Pubs Kozhikode
300 _a118
650 _aKathakal
942 _cBK
999 _c27526
_d27526